000 00292nam a22001457a 4500
020 _a81-7409-099-1
041 _aENG
100 _aJain.R.K
245 _aProduction Technology
250 _a5th
260 _aDelhi
_bKhanna Publishers
_c1999
300 _a1320
650 _aFMP
856 _uFMP
999 _c302
_d302